Ảnh hưởng của liều lượng phân NPK đến năng suất và phẩm chất của nhãn xuồng cơm vàng và nhãn Edor tại Châu Thành - Đồng Tháp : Luận văn thạc sĩ chuyên ngành Trồng trọt
Đề tài tìm hiểu cách bón phân NPK cho nhãn, liều lượng phân NPK cho nhãn Xuồng Cơm Vàng và Nhãn Edor trong thời kì ra hoa đậu trái.
保存先:
| 第一著者: | |
|---|---|
| フォーマット: | 図書 |
| 言語: | Undetermined |
| 出版事項: |
Cần Thơ
Trường Đại học Cần Thơ
2010
|
| 主題: | |
| タグ: |
タグ追加
タグなし, このレコードへの初めてのタグを付けませんか!
|
| Thư viện lưu trữ: | Trung tâm Học liệu Trường Đại học Cần Thơ |
|---|
| LEADER | 01097nam a2200217Ia 4500 | ||
|---|---|---|---|
| 001 | CTU_162797 | ||
| 008 | 210402s9999 xx 000 0 und d | ||
| 082 | |a 634.69 | ||
| 082 | |b V308 | ||
| 088 | |a 606201 | ||
| 100 | |a Trịnh, Xuân Việt | ||
| 245 | 0 | |a Ảnh hưởng của liều lượng phân NPK đến năng suất và phẩm chất của nhãn xuồng cơm vàng và nhãn Edor tại Châu Thành - Đồng Tháp : | |
| 245 | 0 | |b Luận văn thạc sĩ chuyên ngành Trồng trọt | |
| 245 | 0 | |c Trịnh Xuân Việt ; Nguyễn Bảo Vệ (Hướng dẫn Khoa học) | |
| 260 | |a Cần Thơ | ||
| 260 | |b Trường Đại học Cần Thơ | ||
| 260 | |c 2010 | ||
| 520 | |a Đề tài tìm hiểu cách bón phân NPK cho nhãn, liều lượng phân NPK cho nhãn Xuồng Cơm Vàng và Nhãn Edor trong thời kì ra hoa đậu trái. | ||
| 650 | |a Longan,Fruit trees,Cây ăn quả,Cây nhãn | ||
| 904 | |i Quyền, Hải | ||
| 980 | |a Trung tâm Học liệu Trường Đại học Cần Thơ | ||